000 00653nam a22002297a 4500
003 UA-OsUOA
001 100058
007 ta
008 20130521b un ||||| |||| 00| 0 ukr d
100 _aФилиппов М.
090 _a821.161.1
_bФ53
942 _cBK
040 _aUA-OsUOA
_brus
_cUA-OsUOA
_dUA-OsUOA
245 _aОсажденный Севастополь
_bисторический роман
300 _a526 с.
955 _a3
041 _arus
080 _a821.161.1
260 _aСимферополь
_bТаврия
_c1983
650 7 _a82 Література. Літературознавство
_2UDC
999 _c386306
_d386306